Hugo’s pocket dictionary (Record no. 6646)
[ view plain ]
| 000 -CABECERA | |
|---|---|
| campo de control de longitud fija | 00679nam a2200217 a 4500 |
| 001 - NÚMERO DE CONTROL | |
| campo de control | BRCA_6964 |
| 005 - FECHA Y HORA DE LA ÚLTIMA TRANSACCIÓN | |
| campo de control | 20190320205648.0 |
| 008 - DATOS DE LONGITUD FIJA--INFORMACIÓN GENERAL | |
| campo de control de longitud fija | 221111s1933----u--#######---#000-0#eng-# |
| 041 ## - CÓDIGO DE LENGUA | |
| Código de lengua del texto/banda sonora o título independiente | eng |
| Código de lengua original | ger |
| 044 ## - CÓDIGO DEL PAÍS DE LA ENTIDAD EDITORA/PRODUCTORA | |
| Código MARC del país | u |
| 050 #4 - SIGNATURA TOPOGRÁFICA DE LA BIBLIOTECA DEL CONGRESO | |
| Número de clasificación | PF3640 |
| Número de documento/Ítem | .H8 1933 |
| 245 10 - MENCIÓN DE TÍTULO | |
| Título | Hugo’s pocket dictionary |
| Resto del título | German-English and English-German. pronunciation of every word |
| 260 ## - PUBLICACIÓN, DISTRIBUCIÓN, ETC. | |
| Lugar de publicación, distribución, etc. | Philadelphia |
| Nombre del editor, distribuidor, etc. | David McKay company |
| Fecha de publicación, distribución, etc. | c1933 |
| 300 ## - DESCRIPCIÓN FÍSICA | |
| Extensión | xvi, 622 p. |
| Dimensiones | 12 cm. |
| 500 ## - NOTA GENERAL | |
| Nota general | Diccionario inventariado por Banco de México como libro |
| 500 ## - NOTA GENERAL | |
| Nota general | L172b |
| 650 14 - PUNTO DE ACCESO ADICIONAL DE MATERIA--TÉRMINO DE MATERIA | |
| Término de materia o nombre geográfico como elemento de entrada | Alemán |
| Subdivisión de forma | Diccionarios |
| Subdivisión general | Inglés |
| 9 (RLIN) | 17194 |
| 650 14 - PUNTO DE ACCESO ADICIONAL DE MATERIA--TÉRMINO DE MATERIA | |
| Término de materia o nombre geográfico como elemento de entrada | Inglés |
| Subdivisión de forma | Diccionarios |
| Subdivisión general | Alemán |
| 9 (RLIN) | 17193 |
| 902 ## - CATALOGADOR | |
| Iniciales | GFM |
| 942 ## - ELEMENTOS DE PUNTO DE ACCESO ADICIONAL (KOHA) | |
| Fuente del sistema de clasificación o colocación | Library of Congress Classification |
| Tipo de ítem Koha | Libros |
| Estado de retiro | Estado de pérdida | Estado dañado | No para préstamo | Localización permanente | Ubicación/localización actual | Fecha de adquisición | Número de inventario | Total de préstamos | Signatura topográfica completa | Código de barras | Fecha visto por última vez | Precio válido a partir de | Tipo de ítem Koha |
|---|---|---|---|---|---|---|---|---|---|---|---|---|---|
| El ejemplar forma parte de la colección y puede ser consultado según las políticas vigentes. | Biblioteca del Museo Franz Mayer (Rogerio Casas-Alatriste) | Biblioteca del Museo Franz Mayer (Rogerio Casas-Alatriste) | 22/11/2011 | L172b | PF3640 .H8 1933 (L172b) | 7411 | 22/03/2019 | 22/03/2019 | Libros |